Проблемы использования комплексных индексов для оценки социальных процессов; Институциональная трансформация экономики: ресурсы и институты (ИТЭРИ-2019)

Dades bibliogràfiques
Parent link:Институциональная трансформация экономики: ресурсы и институты (ИТЭРИ-2019).— 2019.— [С. 82-83]
Autor principal: Маланина В. А. Вероника Анатольевна
Autor corporatiu: Национальный исследовательский Томский политехнический университет Школа базовой инженерной подготовки Отделение социально-гуманитарных наук
Sumari:Заглавие с экрана
Idioma:rus
Publicat: 2019
Matèries:
Accés en línia:https://www.elibrary.ru/item.asp?id=42336802
Format: MixedMaterials Electrònic Capítol de llibre
KOHA link:https://koha.lib.tpu.ru/cgi-bin/koha/opac-detail.pl?biblionumber=663004

MARC

LEADER 00000naa0a2200000 4500
001 663004
005 20250812145347.0
035 |a (RuTPU)RU\TPU\network\34172 
035 |a RU\TPU\network\34169 
090 |a 663004 
100 |a 20210119d2019 k y0rusy50 ca 
101 0 |a rus 
102 |a RU 
135 |a drcn ---uucaa 
181 0 |a i  
182 0 |a b 
200 1 |a Проблемы использования комплексных индексов для оценки социальных процессов  |f В. А. Маланина 
203 |a Текст  |c электронный 
300 |a Заглавие с экрана 
463 |t Институциональная трансформация экономики: ресурсы и институты (ИТЭРИ-2019)  |o материалы VI Международной научной конференции, Красноярск, 9-12 октября 2019 г.   |f Сибирский федеральный университет  |v [С. 82-83]  |d 2019 
610 1 |a электронный ресурс 
610 1 |a труды учёных ТПУ 
700 1 |a Маланина  |b В. А.  |c экономист  |c доцент Томского политехнического университета, кандидат экономических наук  |f 1977-  |g Вероника Анатольевна  |3 (RuTPU)RU\TPU\pers\34895  |9 18213 
712 0 2 |a Национальный исследовательский Томский политехнический университет  |b Школа базовой инженерной подготовки  |b Отделение социально-гуманитарных наук  |3 (RuTPU)RU\TPU\col\23512 
801 2 |a RU  |b 63413507  |c 20210119  |g RCR 
856 4 |u https://www.elibrary.ru/item.asp?id=42336802 
942 |c CF